Tatra banka: Očakávame rast malých a stredných firiem
Spolupráca Tatra banky s malými a strednými podnikmi. Definícia stredného a malého podniku. Pozitívne skúsenosti vzájomnej spolupráce. Ťažkosti v minulosti. Vplyv Bazilejskej dohody (Basel II) na prácu banky. O spokojnosti a očakávaniach klientov Tatra banky. Základné a vedľajšie produkty banky.
Gespeichert in:
| 1. Verfasser: | |
|---|---|
| Format: | Buchkapitel |
| Sprache: | Slowakisch |
| Schlagworte: | |
| Tags: |
Keine Tags, Fügen Sie das erste Tag hinzu!
|
MARC
| LEADER | 00000naa$a2200000$$$4500 | ||
|---|---|---|---|
| 001 | 0031157 | ||
| 005 | 20231004130258.5 | ||
| 041 | 0 | |a slo | |
| 044 | |a SK | ||
| 245 | 1 | 0 | |a Tatra banka: Očakávame rast malých a stredných firiem |c Vojtech Gossányi |
| 520 | |a Spolupráca Tatra banky s malými a strednými podnikmi. Definícia stredného a malého podniku. Pozitívne skúsenosti vzájomnej spolupráce. Ťažkosti v minulosti. Vplyv Bazilejskej dohody (Basel II) na prácu banky. O spokojnosti a očakávaniach klientov Tatra banky. Základné a vedľajšie produkty banky. | ||
| 610 | 2 | 0 | |a bankovníctvo |
| 610 | 2 | 0 | |a banky |
| 610 | 2 | 0 | |a spolupráca podnikov |
| 610 | 2 | 0 | |a úver bankový |
| 610 | 2 | 0 | |a podnik malý |
| 610 | 2 | 0 | |a podnik stredný |
| 610 | 2 | 0 | |a zámery podnikateľské |
| 610 | 2 | 0 | |a zámery investičné |
| 610 | 2 | 0 | |a Tatra banka |
| 100 | 1 | |a Gossányi, Vojtech | |